000 00744nam a22002417a 4500
999 _c18626
_d18626
003 AR-CdUCM
008 190514b ||||| |||| 00| 0 spa d
040 _aMUNICIPALIDAD PROVINCIAL DEL CUSCO
_cBIBLIOTECA MUNICIPAL DEL CUSCO
041 _heng
082 _a839.366 /
_bP312
100 _aPaton, Alan
_924196
245 _aDemasiado tarde /
260 _aBuenos Aires :
_bGuillermo Kraft Limitada,
_c1953.
300 _a251 páginas :
_c20 cm.
440 _aColeccion Vertice
_938243
505 _aContenido: Novela inglesa.
650 _aNovela inglesa
_9365
650 _aLiteratura europea
_9894
650 _aVenterspan
_939324
700 _aCape, Jonathan (traducción)
_939325
942 _2ddc
_cLIBROS
945 _adavv
_d2019-05-14